000142673 001__ 142673 000142673 005__ 20221020084840.0 000142673 020__ $$a9781447103615 000142673 0247_ $$2doi$$a10.1007/978-1-4471-0361-5 000142673 0247_ $$2K10Plus$$aK10Plus:1655429132 000142673 0247_ $$2DE-576$$a(DE-576)404688659 000142673 037__ $$aERESRWTH-2022-00082 000142673 082__ $$a512.7 000142673 1001_ $$aJones, Gareth A.$$b0 000142673 245__ $$aInformation and Coding Theory$$cby Gareth A. Jones, J. Mary Jones 000142673 260__ $$aLondon$$bSpringer$$c2000 000142673 300__ $$aOnline-Ressource (XIII, 210 p, online resource 000142673 3367_ $$2BibTeX$$aBOOK 000142673 3367_ $$0PUB:(DE-HGF)3$$2PUB:(DE-HGF)$$aBook$$bbook$$mbook$$s1666165572_5558 000142673 3367_ $$2DataCite$$aOutput Types/Book 000142673 3367_ $$2ORCID$$aBOOK 000142673 3367_ $$01$$2EndNote$$aBook 000142673 3367_ $$2DRIVER$$abook 000142673 4900_ $$aSpringer Undergraduate Mathematics Series 000142673 500__ $$aElektronische Ressource über den KatalogPlus der RWTH Universitätsbibliothek verfügbar [Zugriff nur im Hochschulnetz der RWTH Aachen bzw. für autorisierte Benutzer] ; gedr. Ausgabe in der Universitätsbibliothek verfügbar unter: Signatur: BN7709 000142673 588__ $$aDataset connected to K10Plus 000142673 650_0 $$aDistribution (Probability theory 000142673 650_0 $$aMathematics 000142673 650_0 $$aCombinatorics 000142673 650_0 $$aApplied mathematics 000142673 650_0 $$aCoding theory 000142673 650_0 $$aNumber theory 000142673 650_0 $$aInformation theory 000142673 650_0 $$aEngineering mathematics 000142673 650_0 $$aProbabilities 000142673 650_0 $$aDiscrete mathematics 000142673 650_0 $$aEngineering—Data processing 000142673 7001_ $$aMary Jones, J.$$b1 000142673 773__ $$a10.1007/978-1-4471-0361-5 000142673 8564_ $$uhttps://ebookcentral.proquest.com/lib/rwthaachen-ebooks/detail.action?docID=3074010 000142673 909CO $$ooai:reserves.ub.rwth-aachen.de:142673$$pVDB 000142673 9151_ $$0StatID:(DE-HGF)2102$$2StatID$$aLiteraturreferenz / Reference only$$x0 000142673 9201_ $$0I:(DE-RON)22ws-12.35067$$k22ws-12.35067$$lProseminar Informationstheorie Gruppe 1 (PS) [22ws-12.35067]$$x0 000142673 961__ $$c2022-10-19T09:48:42.996302$$i2022-10-11T12:04:21.460871$$x2022-10-11T12:04:21.460871$$z2022-10-19T09:48:42.996302 000142673 980__ $$abook 000142673 980__ $$aVDB 000142673 980__ $$aI:(DE-RON)22ws-12.35067 000142673 980__ $$aUNRESTRICTED
